| 000 | 01208nam a2200181Ia 4500 | ||
|---|---|---|---|
| 008 | 100920s9999 xx 000 0 und d | ||
| 082 |
_b85351 _a51 थ 88 |
||
| 100 | _aआठवले आत्माराम विश्वनाथ. | ||
| 245 | _aश्री सद्रगुरू तुकारामचैतन्य महाराज, चरित्र (येळेगांव) अर्थात (श्री तुकामाई चरित्र). | ||
| 260 |
_bश्रीब्रम्हानंद महाराज संस्थान, बेळगांव. _c1988 |
||
| 300 |
_a72 _bसाधी |
||
| 365 | _b0 | ||
| 520 | _aचरित्र. | ||
| 630 | _aश्री सद्रगुरू तुकारामचैतन्य महाराज, चरित्र (येळेगांव) अर्थात (श्री तुकामाई चरित्र). | ||
| 650 | _aचरित्र. | ||
| 730 | _aश्री सद्रगुरू तुकारामचैतन्य महाराज, चरित्र (येळेगांव) अर्थात (श्री तुकामाई चरित्र). | ||
| 942 | _cBOOK | ||
| 999 |
_c725864 _d725861 |
||